| 000 | 004900000a22001930004500 | ||
|---|---|---|---|
| 001 | 001870 | ||
| 003 | MACL | ||
| 005 | 20151018124405.0 | ||
| 008 | 151018b xxu||||| |||| 00| 0 eng d | ||
| 040 |
_aMACL _cMACL |
||
| 041 | _aEnglish | ||
| 082 | _a920/PAL | ||
| 100 |
_aPalit, Chittabrata _9480 |
||
| 245 |
_aMahendralan Sircar And National Science _cChittabrata Palit |
||
| 260 |
_aKolkata _c2001 _bArun Goswami, |
||
| 350 | _a150 | ||
| 650 |
_aBiography _915774 |
||
| 942 |
_k920 _cBK _2ddc |
||
| 999 |
_c13786 _d13786 |
||